000 00449nam a2200193Ia 4500
003 OSt
005 20220925210958.0
006 a|||||r|||| 00| 0
007 ta
008 220923b |||||||| |||| 00| 0 eng d
037 _cGeneral Book
040 _aRTL
_cRTL
_beng
041 _2eng
_aeng
245 0 _aIndia Ger
260 _aJaipur
_bRawat
_c1995
650 _aGeomorphology
942 _cGB
_2CC
999 _c556392
_d556392